Other Famous Whig People - Statistics

General Stats
  • This quiz has been taken 9 times
  • The average score is 6 of 12
Answer Stats
Picture Answer % Correct
John Quincy Adams
100%
Abraham Lincoln
78%
Winfield Scott
78%
Henry Clay
67%
Horace Greeley
67%
Daniel Webster
56%
Charles Sumner
33%
Hugh L. White
33%
Willie P. Mangum
22%
Edward Everett
11%
John J. Crittenden
11%
John Marshall Harlan
11%
No matching quizzes found
Score Distribution
Percent of People with Each Score
Percentile by Number Answered
Your Score History
You have not taken this quiz